Analýza postavenia podniku na trhu

Identifikácia umiestnenia podniku v trhovom prostredí závisí od kvality a dostupnosti aktuálnych informácií o porovnateľných podnikoch, dodržania podmienok porovnateľnosti, výberu ukazovateľov a metód analýzy finančno-ekonomickej pozície podniku v priestore.

Salvato in:
Dettagli Bibliografici
Autore principale: Tóthová, Alena, 1968-
Natura: Capitolo di libro
Lingua:slovacco
Soggetti:
Tags: Aggiungi Tag
Nessun Tag, puoi essere il primo ad aggiungerne!!

MARC

LEADER 00000nla a2200000 4500
001 0180913
005 20240502073108.7
041 0 |a slo 
044 |a SK 
245 1 0 |a Analýza postavenia podniku na trhu  |c Alena Tóthová 
520 |a Identifikácia umiestnenia podniku v trhovom prostredí závisí od kvality a dostupnosti aktuálnych informácií o porovnateľných podnikoch, dodržania podmienok porovnateľnosti, výberu ukazovateľov a metód analýzy finančno-ekonomickej pozície podniku v priestore. 
610 2 0 |a porovnanie medzipodnikové 
610 2 0 |a hodnota podniku 
610 2 0 |a cash flow 
610 2 0 |a analýza finančná 
610 2 0 |a metódy matematicko-štatistické 
100 1 |a Tóthová, Alena, 1968-